000 00907cam a22002411 4500
001 4058493
005 20070830175626.0
008 730220s1963 nyu | 00| 0 eng d
010 _a63011623
040 _aDLC
_cDLC
_dDLC
_dOCoLC
050 0 0 _aJC251
_b.L48
082 0 0 _a320.81
_bESS
245 1 4 _aThe Essential Lippmann :
_bA Political Philosophy for Liberal Democracy /
_cEdited by Clinton Rossiter & James Lare.
260 _aNew York:
_bRandom House,
_cc1963.
300 _axxi, 552 p.
_c22 cm.
500 _aIncludes index.
650 0 _aPolitical science.
_910628
700 1 _aLippmann, Walter,
_d1889-1974.
_910629
700 1 _aLare, James
_910630
942 _2ddc
_cBB
999 _c13199
_d13199